[Event "Sofia MGU op 200th"]
[Site "Sofia"]
[Date "2017.12.30"]
[Round "1"]
[White "Huebner, Thomas"]
[Black "Simov, Zahari"]
[Result "1-0"]
[WhiteElo "1790"]
[BlackElo "1489"]
[PlyCount "117"]
[EventDate "2017.12.30"]
[EventType "swiss"]
[EventRounds "6"]
[EventCountry "BUL"]
[SourceTitle "CBM 182 Extra"]
[Source "ChessBase"]
[SourceDate "2018.02.23"]
[SourceVersion "1"]
[SourceVersionDate "2018.02.23"]
[SourceQuality "1"]

1. e4 e6 2. d4 d5 3. Nc3 Bb4 4. e5 c5 5. a3 Bxc3+ 6. bxc3 c4 7. a4 Nc6 8. Qg4 g6 9. Nh3 h6 10. Nf4 Nge7 11. h4 Kd7 12. Rh3 b6 13. Rf3 Nf5 14. g3 Kc7 15. Ng2 Kb7 16. Qf4 Rh7 17. Ne3 g5 18. hxg5 hxg5 19. Qg4 Bd7 20. Nxf5 exf5 21. Qxg5 Qxg5 22. Bxg5 Be6 23. Rf4 Rg8 24. Bh4 Nb8 25. Bh3 Rh5 26. Bg2 Nd7 27. Be7 Rgh8 28. Ke2 Rg8 29. Bf3 Rh7 30. Rh4 Rhg7 31. Ke3 Re8 32. Bd6 Nb8 33. Kf4 Nc6 34. Rh5 Kc8 35. Rah1 Na5 36. Rg5 Rgg8 37. Rxg8 Rxg8 38. Bg2 Kd7 39. Rh5 Nb7 40. Ba3 Nd8 41. Bh3 Nc6 42. Bxf5 Nd8 43. Rh7 Ke8 44. Bd6 Bxf5 45. Kxf5 Ne6 46. Rh6 Nd8 47. Ba3 Ne6 48. Bc1 Ke7 49. Rh7 Ke8 50. g4 Ke7 51. g5 Nf8 52. Ba3+ Ke8 53. Bxf8 Kxf8 54. Kg4 a6 55. f4 Ke8 56. f5 Kf8 57. Rh6 b5 58. Rxa6 bxa4 59. f6 1-0

[Event "Sofia MGU op 200th"]
[Site "Sofia"]
[Date "2017.12.30"]
[Round "2"]
[White "Simov, Zahari"]
[Black "Simeonov, Daniel"]
[Result "0-1"]
[WhiteElo "1489"]
[BlackElo "1576"]
[PlyCount "50"]
[EventDate "2017.12.30"]
[EventType "swiss"]
[EventRounds "6"]
[EventCountry "BUL"]
[SourceTitle "CBM 182 Extra"]
[Source "ChessBase"]
[SourceDate "2018.02.23"]
[SourceVersion "1"]
[SourceVersionDate "2018.02.23"]
[SourceQuality "1"]

1. e4 c5 2. Nc3 Nc6 3. g3 d6 4. Bg2 Nf6 5. d3 Bg4 6. f3 Bd7 7. Nge2 Nd4 8. 0-0 e6 9. Be3 Nc6 10. d4 a6 11. a4 Be7 12. h3 0-0 13. d5 Ne5 14. Nf4 Ng6 15. Qe2 Nxf4 16. Bxf4 e5 17. Rad1 exf4 18. gxf4 Nh5 19. Qe3 g6 20. Ne2 Bf6 21. Rb1 Bg7 22. Kh1 Qh4 23. Kg1 Bh6 24. Qf2 Qxf2+ 25. Kxf2 Nxf4 0-1

[Event "Sofia MGU op 190th"]
[Site "Sofia"]
[Date "2017.09.23"]
[Round "1"]
[White "Babatov, Martin"]
[Black "Simov, Zahari"]
[Result "1-0"]
[WhiteElo "1737"]
[BlackElo "1467"]
[PlyCount "131"]
[EventDate "2017.09.23"]
[EventType "swiss"]
[EventRounds "6"]
[EventCountry "BUL"]
[SourceTitle "CBM 180 Extra"]
[Source "ChessBase"]
[SourceDate "2017.10.06"]
[SourceVersion "1"]
[SourceVersionDate "2017.10.06"]
[SourceQuality "1"]

1. d4 Nf6 2. Nf3 d5 3. Bf4 e6 4. e3 Bd6 5. Bxd6 Qxd6 6. Nbd2 0-0 7. Be2 b6 8. 0-0 Bb7 9. c4 Nbd7 10. Rc1 Rfc8 11. a3 Qe7 12. b4 a5 13. Qb3 Ba6 14. Rfe1 axb4 15. axb4 Rcb8 16. cxd5 Bxe2 17. Rxe2 Nxd5 18. g3 Ra7 19. b5 N5f6 20. Nc4 Ne8 21. Nfe5 Nxe5 22. Nxe5 Qa3 23. Qxa3 Rxa3 24. Nc6 Rba8 25. Rb2 Ra1 26. Rbc2 Rxc1+ 27. Rxc1 g6 28. Nb4 Kf8 29. d5 Ke7 30. dxe6 fxe6 31. Na6 Kd7 32. e4 Ra7 33. e5 Kc8 34. Kg2 c5 35. f4 Rd7 36. Rc2 Kb7 37. Kh3 Rd5 38. Kh4 h6 39. h3 Rd4 40. Rc3 Nc7 41. Nxc7 Kxc7 42. Ra3 Kb7 43. Kg4 Rb4 44. Rd3 Rxb5 45. Rd6 c4 46. Kf3 c3 47. Ke2 c2 48. Kd2 Rc5 49. Kc1 Rc6 50. Rd7+ Ka6 51. Rg7 b5 52. Rxg6 Ka5 53. f5 b4 54. Rxe6 Rc4 55. Re8 Ka4 56. f6 Kb3 57. Rd8 Kc3 58. f7 Re4 59. Rc8+ Kb3 60. Rxc2 Re1+ 61. Kd2 Rf1 62. Rc7 Kb2 63. e6 b3 64. e7 Rxf7 65. e8Q Rxc7 66. Qe5+ 1-0

[Event "Sofia MGU op 169th"]
[Site "Sofia"]
[Date "2016.06.26"]
[Round "6"]
[White "Kostov, Nikolai"]
[Black "Simov, Zahari"]
[Result "1-0"]
[WhiteElo "1709"]
[BlackElo "1510"]
[PlyCount "29"]
[EventDate "2016.06.25"]
[EventType "swiss"]
[EventRounds "6"]
[EventCountry "BUL"]
[SourceTitle "EXT 2017"]
[Source "ChessBase"]
[SourceDate "2016.10.25"]
[SourceVersion "1"]
[SourceVersionDate "2016.10.25"]
[SourceQuality "1"]

1. d4 Nf6 2. c4 c6 3. Nc3 d5 4. Nf3 e6 5. e3 Be7 6. Ne5 0-0 7. f4 Ne8 8. Bd3 g6 9. 0-0 f6 10. Ng4 Ng7 11. Nh6+ Kh8 12. g4 f5 13. Qf3 a6 14. c5 Nd7 15. b3 1-0

[Event "Sofia MGU op 150th"]
[Site "Sofia"]
[Date "2015.09.20"]
[Round "4"]
[White "Simov, Zahari"]
[Black "Patev, Petko"]
[Result "0-1"]
[WhiteElo "1568"]
[BlackElo "1838"]
[PlyCount "20"]
[EventDate "2015.09.19"]
[EventType "swiss"]
[EventRounds "6"]
[EventCountry "BUL"]
[SourceTitle "EXT 2016"]
[Source "ChessBase"]
[SourceDate "2015.10.08"]
[SourceVersion "1"]
[SourceVersionDate "2015.10.08"]
[SourceQuality "1"]

1. e4 e5 2. Nf3 d6 3. h3 Nf6 4. Nc3 Be7 5. Bc4 c6 6. a4 h6 7. 0-0 Qc7 8. Ba2 Nbd7 9. d4 Nf8 10. Re1 Ng6 0-1

[Event "Sofia MGU op 146th"]
[Site "Sofia"]
[Date "2015.06.28"]
[Round "4"]
[White "Vasilev, Luboslav"]
[Black "Simov, Zahari"]
[Result "1-0"]
[WhiteElo "1799"]
[BlackElo "1694"]
[PlyCount "59"]
[EventDate "2015.06.27"]
[EventType "swiss"]
[EventRounds "6"]
[EventCountry "BUL"]
[SourceTitle "CBM 167 Extra"]
[Source "ChessBase"]
[SourceDate "2015.09.14"]
[SourceVersion "1"]
[SourceVersionDate "2015.09.14"]
[SourceQuality "1"]

1. e4 c6 2. d4 d6 3. h3 e5 4. Nf3 exd4 5. Qxd4 Qb6 6. Nc3 Qxd4 7. Nxd4 g6 8. Bf4 Nd7 9. 0-0-0 Bh6 10. Bxh6 Nxh6 11. Nf3 Ke7 12. Bc4 b5 13. Bb3 Nc5 14. Rd2 Nxb3+ 15. axb3 Bb7 16. Nd4 a6 17. f3 f6 18. Rhd1 Nf7 19. f4 Rad8 20. g4 h6 21. f5 g5 22. Ne6 Rd7 23. Nc5 Rc7 24. Nxb7 Rxb7 25. Ne2 Rd7 26. Nd4 Rc8 27. Ne6 Nd8 28. Nc5 Rcc7 29. Nxd7 Rxd7 30. b4 1-0

[Event "Sofia MGU op 144th"]
[Site "Sofia"]
[Date "2015.06.07"]
[Round "6"]
[White "Simov, Zahari"]
[Black "Kosturkov, Hristo"]
[Result "0-1"]
[WhiteElo "1694"]
[BlackElo "1662"]
[PlyCount "44"]
[EventDate "2015.06.06"]
[EventType "swiss"]
[EventRounds "6"]
[EventCountry "BUL"]
[SourceTitle "CBM 166 Extra"]
[Source "ChessBase"]
[SourceDate "2015.06.18"]
[SourceVersion "1"]
[SourceVersionDate "2015.06.18"]
[SourceQuality "1"]

1. e4 c5 2. Nc3 Nc6 3. g3 e6 4. Bg2 a6 5. a4 Nf6 6. d3 Be7 7. Nf3 0-0 8. 0-0 d5 9. Re1 d4 10. Ne2 e5 11. h3 Ne8 12. Kh2 Be6 13. Neg1 f6 14. Bd2 Qb6 15. b3 Nd6 16. g4 h6 17. Nh4 Bf7 18. Nf5 Nxf5 19. exf5 Qc7 20. Be4 b5 21. axb5 axb5 22. Qe2 c4 0-1

[Event "Sofia MGU op 135th"]
[Site "Sofia"]
[Date "2015.02.07"]
[Round "2"]
[White "Simov, Zahari"]
[Black "Ivanov, Oleg2222"]
[Result "1-0"]
[WhiteElo "1604"]
[BlackElo "1792"]
[PlyCount "37"]
[EventDate "2015.02.07"]
[EventType "swiss"]
[EventRounds "6"]
[EventCountry "BUL"]
[SourceTitle "CBM 164 Extra"]
[Source "ChessBase"]
[SourceDate "2015.03.02"]
[SourceVersion "1"]
[SourceVersionDate "2015.03.02"]
[SourceQuality "1"]

1. Nf3 d6 2. e4 Nc6 3. Bc4 Bg4 4. Bxf7+ Kd7 5. h3 Bxf3 6. Qxf3 Ne5 7. Qf5+ Kc6 8. d4 Nxf7 9. Qxf7 d5 10. Qe6+ Qd6 11. exd5+ Kb6 12. c4 Qxe6+ 13. dxe6 c6 14. Be3 Nf6 15. d5+ Kc7 16. Bf4+ Kb6 17. Nc3 Ne8 18. b4 a5 19. Na4+ 1-0

[Event "Sofia MGU op 135th"]
[Site "Sofia"]
[Date "2015.02.07"]
[Round "1"]
[White "Timev, Anzhelo"]
[Black "Simov, Zahari"]
[Result "0-1"]
[WhiteElo "1800"]
[BlackElo "1604"]
[PlyCount "46"]
[EventDate "2015.02.07"]
[EventType "swiss"]
[EventRounds "6"]
[EventCountry "BUL"]
[SourceTitle "CBM 164 Extra"]
[Source "ChessBase"]
[SourceDate "2015.03.02"]
[SourceVersion "1"]
[SourceVersionDate "2015.03.02"]
[SourceQuality "1"]

1. Nf3 d5 2. d4 Bg4 3. Ne5 Bf5 4. c4 dxc4 5. Nc3 c6 6. e4 Bg6 7. Bxc4 e6 8. a3 Nd7 9. Nxd7 Qxd7 10. 0-0 Nf6 11. Re1 Be7 12. Bf4 0-0 13. e5 Nd5 14. Nxd5 exd5 15. Bd3 Bxd3 16. Qxd3 Rfe8 17. Qg3 Bf8 18. Rac1 Qf5 19. Rc3 Re6 20. Bd2 Rg6 21. Qf3 Qxf3 22. Rxf3 Re8 23. Rb3 b6 0-1

[Event "Sofia MGU op 81st"]
[Site "Sofia"]
[Date "2013.03.30"]
[Round "1"]
[White "Simov, Zahari"]
[Black "Andreev, Dobrotich"]
[Result "0-1"]
[WhiteElo "1629"]
[BlackElo "2075"]
[PlyCount "54"]
[EventDate "2013.03.30"]
[EventType "swiss"]
[EventRounds "6"]
[EventCountry "BUL"]
[SourceTitle "CBM 153 Extra"]
[Source "ChessBase"]
[SourceDate "2013.04.22"]
[SourceVersion "1"]
[SourceVersionDate "2013.04.22"]
[SourceQuality "1"]

1. e4 c6 2. d4 d5 3. Nc3 dxe4 4. Nxe4 Bf5 5. Ng3 Bg6 6. Nf3 Nd7 7. c3 e6 8. Bg5 Qc7 9. Bd3 Ngf6 10. 0-0 Bd6 11. Qc2 Nd5 12. Bxg6 hxg6 13. Ne4 Bxh2+ 14. Kh1 N5f6 15. g3 Bxg3+ 16. Kg2 Bf4 17. Rh1 0-0-0 18. Ng3 c5 19. Qa4 Kb8 20. dxc5 Bxg5 21. Nxg5 Nxc5 22. Qb5 a6 23. Qe2 Nd5 24. Qf3 Nf4+ 25. Kg1 Rxh1+ 26. Kxh1 f6 27. N5e4 Rd3 0-1

[Event "Sofia MGU op 54th"]
[Site "Sofia"]
[Date "2012.04.01"]
[Round "5"]
[White "Kamenov, Valentin"]
[Black "Simov, Zahari"]
[Result "1-0"]
[WhiteElo "1979"]
[BlackElo "1726"]
[PlyCount "105"]
[EventDate "2012.03.31"]
[EventType "swiss"]
[EventRounds "6"]
[EventCountry "BUL"]
[SourceTitle "EXT 2014"]
[Source "ChessBase"]
[SourceDate "2013.11.20"]
[SourceVersion "1"]
[SourceVersionDate "2013.11.20"]
[SourceQuality "1"]

1. e4 e5 2. f4 exf4 3. Nf3 g5 4. h4 g4 5. Ne5 h5 6. Bc4 Rh7 7. d4 Bh6 8. Nc3 d6 9. Nd3 Qf6 10. e5 Qd8 11. exd6 cxd6 12. Bxf4 Ne7 13. Qe2 Kf8 14. 0-0-0 a6 15. Qe4 f5 16. Qe3 Bg7 17. Bg5 Nbc6 18. Ne2 d5 19. Bb3 Qd6 20. c3 b6 21. Ng3 Bf6 22. Bxf6 Qxf6 23. Nf4 Bd7 24. Ngxh5 Qf7 25. Ng3 b5 26. Rde1 Rc8 27. Re2 a5 28. Rhe1 a4 29. Bc2 b4 30. Qxe7+ Nxe7 31. Rxe7 Qxe7 32. Ng6+ Ke8 33. Nxe7 Rxe7 34. Rf1 bxc3 35. Nxf5 cxb2+ 36. Kxb2 Bxf5 37. Rxf5 Re2 38. Re5+ Rxe5 39. Bxa4+ Ke7 40. dxe5 Rc5 41. Bd1 g3 42. a4 d4 43. h5 Ke6 44. h6 Kxe5 45. h7 Rc8 46. Bb3 Rb8 47. Kc2 Rh8 48. Bg8 Ke4 49. Kd2 d3 50. a5 Kd4 51. a6 Kc5 52. a7 Rxh7 53. Bxh7 1-0

[Event "Sofia MGU op 54th"]
[Site "Sofia"]
[Date "2012.04.01"]
[Round "4"]
[White "Simov, Zahari"]
[Black "Timev, Angelo"]
[Result "0-1"]
[WhiteElo "1726"]
[BlackElo "1908"]
[PlyCount "74"]
[EventDate "2012.03.31"]
[EventType "swiss"]
[EventRounds "6"]
[EventCountry "BUL"]
[SourceTitle "EXT 2014"]
[Source "ChessBase"]
[SourceDate "2013.11.20"]
[SourceVersion "1"]
[SourceVersionDate "2013.11.20"]
[SourceQuality "1"]

1. e4 c6 2. d4 d5 3. exd5 cxd5 4. Bb5+ Nc6 5. Nf3 Bd7 6. 0-0 Nf6 7. Bg5 e6 8. c3 Be7 9. Bd3 Qc7 10. Nbd2 h6 11. Bh4 0-0 12. Re1 Rac8 13. Bb1 g6 14. a3 Ng4 15. Bxe7 Nxe7 16. h3 Nf6 17. Ne5 Nf5 18. Ndf3 Kg7 19. Qd3 Ne4 20. Nxd7 Qxd7 21. Ne5 Qe7 22. Nf3 Nfd6 23. Qe3 Nc4 24. Qc1 f5 25. Bd3 b5 26. Bxc4 bxc4 27. Qf4 g5 28. Qe5+ Rf6 29. Nh2 Kh7 30. f3 Nd6 31. Qxd5 Qd7 32. Qe5 Kg6 33. Qe2 Rb8 34. Nf1 Qb7 35. Rab1 Qc6 36. Ne3 Rb5 37. Qc2 Kg7 0-1

[Event "Sofia MGU op 41st"]
[Site "Sofia"]
[Date "2011.11.05"]
[Round "3"]
[White "Simov, Zahari"]
[Black "Kolev, Nikolay"]
[Result "1/2-1/2"]
[WhiteElo "1629"]
[BlackElo "2073"]
[PlyCount "66"]
[EventDate "2011.11.05"]
[EventType "swiss"]
[EventRounds "6"]
[EventCountry "BUL"]
[SourceTitle "CBM 145 Extra"]
[Source "ChessBase"]
[SourceDate "2012.01.03"]
[SourceVersion "1"]
[SourceVersionDate "2012.01.03"]
[SourceQuality "1"]

1. d4 Nf6 2. c4 e6 3. Nc3 c5 4. e3 d5 5. Nf3 cxd4 6. exd4 Nc6 7. Be2 dxc4 8. Bxc4 a6 9. a3 b5 10. Ba2 Bb7 11. 0-0 Be7 12. d5 exd5 13. Nxd5 Nxd5 14. Qxd5 0-0 15. Qxd8 Raxd8 16. Be3 Bf6 17. Rab1 Nd4 18. Nxd4 Bxd4 19. Bxd4 Rxd4 20. Rfd1 Rfd8 21. Bb3 Be4 22. Rxd4 Rxd4 23. Rd1 Rxd1+ 24. Bxd1 Kf8 25. f3 Bd3 26. Kf2 Ke7 27. g3 Kd6 28. Ke3 Bc4 29. Kd4 a5 30. Bc2 g6 31. f4 a4 32. Bd1 f5 33. Bf3 h6 1/2-1/2

[Event "Sofia MGU op 39th"]
[Site "Sofia"]
[Date "2011.10.22"]
[Round "1"]
[White "Simov, Zahari"]
[Black "Kolev, Vasil"]
[Result "1-0"]
[WhiteElo "1629"]
[BlackElo "2079"]
[PlyCount "69"]
[EventDate "2011.10.22"]
[EventType "swiss"]
[EventRounds "6"]
[EventCountry "BUL"]
[SourceTitle "EXT 2013"]
[Source "ChessBase"]
[SourceDate "2012.11.22"]
[SourceVersion "1"]
[SourceVersionDate "2012.11.22"]
[SourceQuality "1"]

1. e4 e5 2. Bc4 Bc5 3. Nf3 d6 4. h3 h6 5. 0-0 Nf6 6. d3 0-0 7. Re1 Nc6 8. c3 a6 9. a3 Be6 10. Ba2 Bxa2 11. Rxa2 Re8 12. Ra1 Qd7 13. Qc2 Rad8 14. c4 Nd4 15. Nxd4 Bxd4 16. Qe2 c6 17. Qf3 Rc8 18. Nc3 b5 19. Bxh6 Qe6 20. Bd2 bxc4 21. Rec1 cxd3 22. Qxd3 d5 23. Rab1 dxe4 24. Nxe4 Nxe4 25. Qxe4 Qd5 26. Qe2 Rcd8 27. Be1 Ra8 28. Qc4 Re6 29. Rc2 Rg6 30. Qxd5 cxd5 31. Bc3 Bxc3 32. Rxc3 Rb8 33. b4 a5 34. Rc5 Rd6 35. Rxa5 1-0